| 000 | 00600nam a22001697a 4500 | ||
|---|---|---|---|
| 003 | MACL | ||
| 005 | 20160722153120.0 | ||
| 008 | 160722b xxu||||| |||| 00| 0 eng d | ||
| 040 | _cMACL | ||
| 041 | _aHindi | ||
| 082 | _a920 KOS | ||
| 100 |
_aकोसम्बी, धर्मानन्द _937790 |
||
| 245 |
_aभगवाऩ बुद्ध जीवन औरर दर्शन _cधर्मानन्द काेसम्बी |
||
| 260 |
_aइलाहाबाद _bलोकभारती प्रकाशन |
||
| 650 |
_aBiography _965010 |
||
| 942 |
_2ddc _cHIN |
||
| 999 |
_c54704 _d54704 |
||